[Event "Rated Blitz game"]
[Site "?"]
[Date "2021.05.15"]
[Round "?"]
[White "brunosten"]
[Black "kucks1"]
[Result "1-0"]
[WhiteElo "2464"]
[BlackElo "2434"]
[PlyCount "51"]
[EventDate "2021.??.??"]
[EventType "blitz"]
[TimeControl "180"]

1. e4 e5 2. Nf3 Nc6 3. Nc3 Nf6 4. Nxe5 Nxe5 5. d4 Ng6 6. e5 Ng8 7. Bc4 d5 8.
Bxd5 Be6 9. Bxb7 Rb8 10. Bc6+ Bd7 11. Be4 c6 12. f4 Nh6 13. O-O Bb4 14. Qd3
Bxc3 15. bxc3 Ne7 16. f5 Nhxf5 17. Bxf5 Nxf5 18. Rxf5 Bxf5 19. Qxf5 O-O 20. Ba3
Re8 21. Rf1 Rb7 22. Bd6 Qc8 23. Qf3 Rb2 24. Qxf7+ Kh8 25. Bf8 Rb7 26. Bxg7# {
Normal} 1-0

[Event "Rated Blitz game"]
[Site "?"]
[Date "2021.05.15"]
[Round "?"]
[White "weeza"]
[Black "visvi"]
[Result "0-1"]
[WhiteElo "2385"]
[BlackElo "2439"]
[PlyCount "162"]
[EventDate "2021.??.??"]
[EventType "blitz"]
[TimeControl "180"]

1. e4 e5 2. Nf3 Nc6 3. Nc3 Nf6 4. Nxe5 Nxe5 5. d4 Nc6 6. e5 Bb4 7. exf6 Qxf6 8.
Be3 O-O 9. a3 Bxc3+ 10. bxc3 d5 11. Bd3 Bf5 12. Qf3 Bxd3 13. Qxf6 gxf6 14. cxd3
Ne7 15. g4 f5 16. g5 Ng6 17. f4 Rfe8 18. Kf2 Re6 19. h4 Rae8 20. Rae1 Ne7 21.
h5 Nc8 22. Re2 Nd6 23. Rb1 b6 24. Ree1 Nb7 25. Bd2 Rxe1 26. Bxe1 Nd6 27. Kf3 a6
28. a4 Re7 29. Bh4 Re8 30. Rg1 Kg7 31. Rc1 b5 32. axb5 axb5 33. Ra1 Rb8 34. Be1
Kf8 35. Ke2 Ke7 36. Kd2 Kd7 37. Kc2 Re8 38. Kd2 Kc6 39. Bh4 Kb7 40. Rg1 Re6 41.
Kc2 Kb6 42. Kb3 Nb7 43. c4 bxc4+ 44. dxc4 dxc4+ 45. Kxc4 Nd6+ 46. Kd5 Ne4 47.
Rb1+ Ka7 48. Ra1+ Kb7 49. Rb1+ Kc8 50. Ra1 Kd7 51. Kc4 Rc6+ 52. Kd5 Re6 53. Kc4
Rd6 54. d5 Rb6 55. Be1 Rb2 56. Bb4 Rf2 57. d6 Nxd6+ 58. Kd5 Rxf4 59. Bxd6 cxd6
60. Ra7+ Ke8 61. Kxd6 Rd4+ 62. Ke5 Rd1 63. Kf6 Rd6+ 64. Kxf5 Kf8 65. g6 hxg6+
66. hxg6 Rxg6 67. Ra8+ Kg7 68. Ra7 Rf6+ 69. Kg5 Rg6+ 70. Kh5 Rh6+ 71. Kg4 Rg6+
72. Kf4 Rf6+ 73. Ke4 Rg6 74. Kd4 Rf6 75. Kc4 Rg6 76. Kc3 Rg4 77. Kb2 Rg6 78.
Kb1 Rf6 79. Ka1 Rf2 80. Kb1 Rf3 81. Ka1 Rf1+ {Time forfeit} 0-1

[Event "Rated Blitz tournament NxACXn0k"]
[Site "?"]
[Date "2021.05.15"]
[Round "?"]
[White "sim13a"]
[Black "zadvinski"]
[Result "1/2-1/2"]
[WhiteElo "2410"]
[BlackElo "2395"]
[PlyCount "94"]
[EventDate "2021.??.??"]
[EventType "blitz"]
[TimeControl "180+2"]

1. e4 e5 2. Nf3 Nf6 3. Nc3 Nc6 4. Nxe5 Nxe5 5. d4 Ng6 6. e5 Ng8 7. Bc4 d5 8.
Bxd5 c6 9. Bb3 Bb4 10. O-O Bxc3 11. bxc3 N8e7 12. f4 O-O 13. g4 Qb6 14. Kh1 Be6
15. f5 Bxb3 16. axb3 Nh8 17. f6 Nd5 18. Qd2 Ng6 19. fxg7 Rfe8 20. Qf2 Qc7 21.
c4 Nb4 22. Bh6 Re7 23. h4 Rae8 24. h5 Nxe5 25. dxe5 Qxe5 26. Kg2 Qe4+ 27. Qf3
Qxc2+ 28. Rf2 Qd3 29. Rd1 Qxf3+ 30. Rxf3 Nc2 31. Kg3 Ne1 32. Rf2 a5 33. Ra1 b6
34. Rd1 b5 35. cxb5 cxb5 36. Ra1 Nd3 37. Rf3 Ne5 38. Re3 Nc6 39. Rxe7 Rxe7 40.
Rc1 Re6 41. Rc5 a4 42. Bf4 axb3 43. Rxb5 Kxg7 44. Rxb3 Nd4 45. Rd3 Ne2+ 46. Kf3
Nxf4 47. Kxf4 Rf6+ {Normal} 1/2-1/2

[Event "Rated Blitz game"]
[Site "?"]
[Date "2021.05.15"]
[Round "?"]
[White "forbiddencheapos"]
[Black "iPhone30"]
[Result "1-0"]
[WhiteElo "2422"]
[BlackElo "2267"]
[PlyCount "41"]
[EventDate "2021.??.??"]
[EventType "blitz"]
[TimeControl "300"]

1. e4 e5 2. Nf3 Nc6 3. Nc3 Nf6 4. Nxe5 Nxe5 5. d4 Ng6 6. e5 Be7 7. exf6 Bxf6 8.
Nd5 O-O 9. Be2 c6 10. Nxf6+ Qxf6 11. O-O d5 12. f4 Bf5 13. c3 Rae8 14. g4 Be4
15. f5 Nh4 16. Bf4 h6 17. Bg3 Qg5 18. Qc1 Qxc1 19. Raxc1 g5 20. Bd6 Ng6 21.
fxg6 {Normal} 1-0

[Event "Rated Blitz game"]
[Site "?"]
[Date "2021.05.14"]
[Round "?"]
[White "KBPL_JUNIOR"]
[Black "F2-freestyle"]
[Result "1-0"]
[WhiteElo "2425"]
[BlackElo "2387"]
[PlyCount "107"]
[EventDate "2021.??.??"]
[EventType "blitz"]
[TimeControl "180"]

1. e4 e5 2. Nf3 Nc6 3. Nc3 Nf6 4. Nxe5 Nxe5 5. d4 Ng6 6. e5 Ng8 7. Bc4 d5 8.
Bxd5 c6 9. Bb3 Bb4 10. f4 N8e7 11. O-O Nf5 12. Ne2 h5 13. c3 Ba5 14. Bc2 Be6
15. b3 b5 16. a4 a6 17. b4 Bb6 18. Bb2 Ne3 19. Qb1 Nxf1 20. Qxf1 Bc4 21. Re1
Ne7 22. f5 Nd5 23. e6 fxe6 24. fxe6 Qf6 25. Qxf6 gxf6 26. Bg6+ Ke7 27. Ng3 f5
28. Bxf5 Nf4 29. Bc1 Nxe6 30. Bg5+ Kd7 31. Ne4 Raf8 32. Bh3 Kc7 33. Nf6 Nxg5
34. Re7+ Kb8 35. Nd7+ Kb7 36. Nxf8+ Bc7 37. Ng6 Rg8 38. Bf5 Nf7 39. h4 Nd6 40.
Bc2 Bd5 41. Rh7 Ne4 42. Ne7 Rxg2+ 43. Kxg2 Nf6+ 44. Nxd5 Nxh7 45. Nxc7 Kxc7 46.
Bxh7 bxa4 47. Bb1 a3 48. Ba2 Kd6 49. Kf3 Ke7 50. Kf4 Kf6 51. c4 Ke6 52. c5+ Kf6
53. Ke4 Kg6 54. Ke5 {Time forfeit} 1-0

[Event "Rated Blitz game"]
[Site "?"]
[Date "2021.05.14"]
[Round "?"]
[White "forbiddencheapos"]
[Black "uriberto"]
[Result "0-1"]
[WhiteElo "2469"]
[BlackElo "2433"]
[PlyCount "68"]
[EventDate "2021.??.??"]
[EventType "blitz"]
[TimeControl "300"]

1. e4 e5 2. Nf3 Nf6 3. Nc3 Nc6 4. Nxe5 Nxe5 5. d4 Ng6 6. e5 Ng8 7. Bc4 d5 8.
Bxd5 c6 9. Bb3 Bb4 10. O-O Bxc3 11. bxc3 N8e7 12. f4 h5 13. a4 Bg4 14. Qe1 Qd7
15. Qf2 Bf5 16. c4 Rd8 17. Be3 Be6 18. c3 Nf5 19. Bc1 Qc7 20. Ba3 Qb6 21. Rab1
Qa6 22. Qc2 Ne3 23. Qe4 Nxf1 24. Rxf1 Bxc4 25. Bxc4 Qxc4 26. f5 Qxc3 27. fxg6
Qxa3 28. gxf7+ Kf8 29. e6 Qd6 30. Kh1 Rh6 31. Re1 Qe7 32. a5 Rd6 33. d5 cxd5
34. Qd4 Rhxe6 {Normal} 0-1

[Event "Rated Rapid game"]
[Site "?"]
[Date "2021.05.14"]
[Round "?"]
[White "itsokyoureok2"]
[Black "Dhonan01"]
[Result "0-1"]
[WhiteElo "2306"]
[BlackElo "2415"]
[PlyCount "50"]
[EventDate "2021.??.??"]
[EventType "rapid"]
[TimeControl "600"]

1. e4 e5 2. Nf3 Nf6 3. Nc3 Nc6 4. Nxe5 Nxe5 5. d4 Ng6 6. e5 Ng8 7. Bc4 d6 8.
Qf3 Be6 9. d5 Nxe5 10. Qf4 g5 11. Qxg5 Nxc4 12. Qxd8+ Kxd8 13. dxe6 fxe6 14.
Bg5+ Kd7 15. O-O-O Be7 16. Ne4 Bxg5+ 17. Nxg5 Ne7 18. Rhe1 e5 19. b3 h6 20. Nf7
Rhf8 21. Nxe5+ Nxe5 22. Rxe5 Rxf2 23. Rh5 Rxg2 24. Rxh6 Rf8 25. h4 Rff2 {Normal
} 0-1

[Event "Rated Blitz game"]
[Site "?"]
[Date "2021.05.14"]
[Round "?"]
[White "forbiddencheapos"]
[Black "ax1dkz"]
[Result "0-1"]
[WhiteElo "2429"]
[BlackElo "2293"]
[PlyCount "128"]
[EventDate "2021.??.??"]
[EventType "blitz"]
[TimeControl "300"]

1. e4 e5 2. Nf3 Nc6 3. Nc3 Nf6 4. Nxe5 Nxe5 5. d4 Ng6 6. e5 Ng8 7. Bc4 d6 8.
Qf3 Qe7 9. Nd5 Qd7 10. O-O c6 11. a4 cxd5 12. Bb5 dxe5 13. dxe5 Qxb5 14. axb5
Be6 15. Qe3 b6 16. f4 Bc5 17. Qxc5 bxc5 18. f5 Nxe5 19. fxe6 fxe6 20. Re1 Nc4
21. Rxe6+ Kd7 22. Rc6 Nf6 23. b3 Nb6 24. Rxc5 Rhe8 25. Bf4 Rec8 26. b4 Ne4 27.
Rxc8 Kxc8 28. Be3 Kb7 29. Bd4 g6 30. Rf1 Rc8 31. Rf7+ Rc7 32. Rxc7+ Kxc7 33.
Kf1 Nd6 34. Be5 Kd7 35. Ke2 Nxb5 36. Kf3 Ke6 37. Bb8 a6 38. Ke3 Nd7 39. Bg3 Ne5
40. Kf4 Nc6 41. Be1 Nbd4 42. c3 Nb5 43. Kg5 Kf7 44. Kh6 Kg8 45. h4 Nd8 46. Kg5
Kf7 47. h5 gxh5 48. Kxh5 Ne6 49. Kh6 Kg8 50. Bd2 Nd6 51. g4 Ne4 52. Be1 Nc7 53.
g5 Nb5 54. g6 hxg6 55. Kxg6 Nexc3 56. Kf5 d4 57. Ke5 Kf7 58. Bd2 Ke7 59. Bh6
Kd7 60. Bd2 Kc6 61. Be1 Nd5 62. Ke4 Ndc3+ 63. Kd3 Kd5 64. Bf2 Ne4 {Normal} 0-1

[Event "Rated Blitz tournament GwDkOwzN"]
[Site "?"]
[Date "2021.05.14"]
[Round "?"]
[White "etecsa"]
[Black "ArpsOrtiz"]
[Result "1-0"]
[WhiteElo "2453"]
[BlackElo "2302"]
[PlyCount "93"]
[EventDate "2021.??.??"]
[EventType "blitz"]
[TimeControl "180"]

1. e4 e5 2. Nc3 Nf6 3. Nf3 Nc6 4. Nxe5 Nxe5 5. d4 Nc6 6. e5 d5 7. exf6 gxf6 8.
Be3 Be6 9. Be2 Be7 10. Qd2 Qd7 11. O-O-O O-O-O 12. Kb1 Kb8 13. Na4 Rhg8 14. g3
Ne5 15. dxe5 Qxa4 16. b3 Qa3 17. exf6 Bxf6 18. Bd4 Bxd4 19. Qxd4 a6 20. f4 Bf5
21. Rd2 Rge8 22. Bd3 Bxd3 23. Rxd3 Re2 24. Rhd1 c6 25. f5 Qe7 26. g4 Re1 27. f6
Rxd1+ 28. Rxd1 Qe6 29. g5 Re8 30. Qc5 Qe2 31. Qd6+ Ka8 32. Rd3 Qf1+ 33. Kb2 Re1
34. Qf8+ Ka7 35. Qc5+ Kb8 36. Re3 Rxe3 37. Qxe3 Qf5 38. h4 Qd7 39. Qe7 Kc7 40.
Qf8 Qe6 41. c3 c5 42. Qxc5+ Kd7 43. Qb4 b5 44. Qd4 Qe2+ 45. Ka3 Ke6 46. c4 Qc2
47. Qxd5# {Normal} 1-0

[Event "Rated Blitz tournament oU8DavII"]
[Site "?"]
[Date "2021.05.13"]
[Round "?"]
[White "Starinov"]
[Black "PJatoba"]
[Result "1-0"]
[WhiteElo "2433"]
[BlackElo "2355"]
[PlyCount "29"]
[EventDate "2021.??.??"]
[EventType "blitz"]
[TimeControl "180"]

1. e4 e5 2. Nf3 Nc6 3. Nc3 Nf6 4. Nxe5 Nxe5 5. d4 Bb4 6. dxe5 Nxe4 7. Qg4 d5 8.
Qxg7 Rf8 9. a3 Ba5 10. Bh6 Qe7 11. Qxf8+ Qxf8 12. Bxf8 Nxc3 13. Bb4 Bxb4 14.
axb4 Ne4 15. Bd3 {Normal} 1-0

[Event "Rated Blitz game"]
[Site "?"]
[Date "2021.05.13"]
[Round "?"]
[White "GoughPhar"]
[Black "kucks1"]
[Result "0-1"]
[WhiteElo "2410"]
[BlackElo "2409"]
[PlyCount "136"]
[EventDate "2021.??.??"]
[EventType "blitz"]
[TimeControl "180"]

1. e4 e5 2. Nf3 Nc6 3. Nc3 Nf6 4. Nxe5 Nxe5 5. d4 Ng6 6. e5 Ng8 7. Bc4 d5 8.
Bxd5 c6 9. Bb3 Bb4 10. Qf3 Be6 11. Bxe6 fxe6 12. O-O N8e7 13. Ne4 Nf5 14. c3
Be7 15. Qe2 O-O 16. f4 Qd5 17. g4 Nfh4 18. b4 b5 19. Bd2 a5 20. a3 axb4 21.
axb4 Rxa1 22. Rxa1 Nxf4 23. Bxf4 Rxf4 24. Ra8+ Bf8 25. Ng5 Nf3+ 26. Nxf3 Qxf3
27. Qxf3 Rxf3 28. Re8 Kf7 29. Rc8 Rxc3 30. Kf2 Be7 31. Rc7 Ke8 32. g5 g6 33. h4
Rc4 34. Ke3 Kd8 35. Ra7 Rxb4 36. Ra8+ Kd7 37. Ra7+ Ke8 38. Rc7 Rc4 39. Kd3 Kf7
40. Rb7 Rc1 41. Rc7 b4 42. Rb7 Rh1 43. Rc7 Rh3+ 44. Ke4 Rxh4+ 45. Ke3 Rh3+ 46.
Ke4 b3 47. Rxc6 b2 48. Rb6 Ba3 49. d5 exd5+ 50. Kxd5 Rd3+ 51. Ke4 Rd1 52. e6+
Ke7 53. Ke5 Re1+ 54. Kf4 b1=Q 55. Rxb1 Rxb1 56. Kg4 Rb5 57. Kh4 Kxe6 58. Kh3
Rb3+ 59. Kh4 Be7 60. Kg4 Rb4+ 61. Kh3 Bxg5 62. Kg3 Kf5 63. Kh3 Rb3+ 64. Kg2 Kf4
65. Kh2 Rb2+ 66. Kg1 Kf3 67. Kh1 Kg3 68. Kg1 Rb1# {Normal} 0-1

[Event "Rated Blitz game"]
[Site "?"]
[Date "2021.05.13"]
[Round "?"]
[White "hannfff"]
[Black "shazlychess"]
[Result "1-0"]
[WhiteElo "2292"]
[BlackElo "2401"]
[PlyCount "33"]
[EventDate "2021.??.??"]
[EventType "blitz"]
[TimeControl "180+2"]

1. e4 e5 2. Nf3 Nc6 3. Nc3 Nf6 4. Nxe5 Nxe5 5. d4 Nc6 6. d5 Nb8 7. e5 Ng8 8. d6
a6 9. Bc4 cxd6 10. exd6 Qf6 11. Qe2+ Kd8 12. Ne4 Qe5 13. f4 Qd4 14. Be3 Qxb2
15. O-O Nh6 16. Rab1 Qa3 17. Bb6+ {Normal} 1-0

[Event "Rated Blitz game"]
[Site "?"]
[Date "2021.05.13"]
[Round "?"]
[White "Crazyrazor"]
[Black "TamirEhirit"]
[Result "1-0"]
[WhiteElo "2507"]
[BlackElo "2370"]
[PlyCount "49"]
[EventDate "2021.??.??"]
[EventType "blitz"]
[TimeControl "180"]

1. Nc3 e5 2. e4 Nc6 3. Nf3 Nf6 4. Nxe5 Nxe5 5. d4 Nc6 6. d5 Nb8 7. f4 d6 8. e5
dxe5 9. fxe5 Ng4 10. Bf4 Nxe5 11. Bxe5 Qe7 12. Qe2 Na6 13. O-O-O f6 14. Bg3
Qxe2 15. Bxe2 Bd6 16. Bb5+ Bd7 17. Rhe1+ Kd8 18. Bxd6 cxd6 19. Bxa6 bxa6 20.
Ne4 Bg4 21. Rd3 Kd7 22. Rg3 f5 23. Ng5 h5 24. h3 f4 25. Rb3 {Normal} 1-0

[Event "Rated Blitz game"]
[Site "?"]
[Date "2021.05.13"]
[Round "?"]
[White "modernpetrosian"]
[Black "Laknu"]
[Result "0-1"]
[WhiteElo "2442"]
[BlackElo "2354"]
[PlyCount "112"]
[EventDate "2021.??.??"]
[EventType "blitz"]
[TimeControl "180"]

1. e4 e5 2. Nf3 Nf6 3. Nc3 Nc6 4. Nxe5 Nxe5 5. d4 Ng6 6. e5 Ng8 7. Bc4 d5 8.
Bxd5 c6 9. Bb3 Be6 10. O-O Bxb3 11. axb3 N8e7 12. Bg5 Qd7 13. Ne4 Nf5 14. c3 h6
15. Bd2 Qd5 16. Qf3 Ngh4 17. Qe2 Qxb3 18. g3 Ng6 19. g4 Nfh4 20. f4 Be7 21. f5
Nf8 22. f6 Bd8 23. fxg7 Rg8 24. gxf8=Q+ Kxf8 25. Bxh6+ Ke8 26. Nd6+ Kd7 27.
Rxf7+ Be7 28. Raf1 Qe6 29. h3 Qxh6 30. R1f6 Qc1+ 31. Rf1 Qg5 32. Ne4 Qg6 33.
Nf6+ Kd8 34. Nxg8 Qxg8 35. Qc4 Qg5 36. Qe6 Rc8 37. Rf8+ Kc7 38. R8f7 Kb6 39.
Rxe7 Qe3+ 40. Rf2 Rf8 41. Ref7 Qg3+ 42. Kf1 Qxh3+ 43. Ke1 Qe3+ 44. Kd1 Rxf7 45.
Rxf7 Nf3 46. Qb3+ Ka5 47. Qa4+ Kxa4 48. Rxf3 Qxf3+ 49. Kc2 Qxg4 50. Kc1 Kb3 51.
Kd2 Qf3 52. Ke1 Kxb2 53. Kd2 Kb3 54. c4 Kxc4 55. Ke1 Kxd4 56. Kd2 Kxe5 {
Time forfeit} 0-1

[Event "Rated Blitz game"]
[Site "?"]
[Date "2021.05.12"]
[Round "?"]
[White "forbiddencheapos"]
[Black "Ion_Nicolescu"]
[Result "1-0"]
[WhiteElo "2418"]
[BlackElo "2274"]
[PlyCount "33"]
[EventDate "2021.??.??"]
[EventType "blitz"]
[TimeControl "300"]

1. e4 Nf6 2. Nc3 e5 3. Nf3 Nc6 4. Nxe5 Nxe5 5. d4 Ng6 6. e5 Ng8 7. Bc4 d6 8.
Qf3 Qe7 9. Nd5 Qd7 10. O-O dxe5 11. dxe5 Nxe5 12. Re1 Bd6 13. Bf4 f6 14. Rad1
Qg4 15. Bxe5 Bxe5 16. Nxc7+ Ke7 17. Rxe5+ {Normal} 1-0

[Event "Rated Blitz game"]
[Site "?"]
[Date "2021.05.12"]
[Round "?"]
[White "Salimskyi"]
[Black "HannHagen"]
[Result "0-1"]
[WhiteElo "2490"]
[BlackElo "2446"]
[PlyCount "138"]
[EventDate "2021.??.??"]
[EventType "blitz"]
[TimeControl "180"]

1. e4 e5 2. Nf3 Nc6 3. Nc3 Nf6 4. Nxe5 Nxe5 5. d4 Nc6 6. d5 Bb4 7. dxc6 Nxe4 8.
Qd4 Qe7 9. Be3 O-O 10. cxd7 Bxd7 11. Bd3 Nxc3 12. bxc3 c5 13. Qe4 Qxe4 14. Bxe4
Bxc3+ 15. Ke2 Bb5+ 16. Kf3 Bxa1 17. Rxa1 Bc6 18. Bxc6 bxc6 19. Bxc5 Rfb8 20.
Bd4 Rd8 21. Bc3 Rab8 22. Re1 Rd7 23. Re5 f6 24. Rc5 Rb6 25. Ke2 Ra6 26. Kf3 Kf7
27. a4 Ke6 28. a5 Rd5 29. Rc4 c5 30. g4 Rc6 31. h4 a6 32. Ke2 h5 33. f3 g5 34.
hxg5 Rxg5 35. gxh5 Rxh5 36. Rg4 Kd5 37. Kd3 Rh3 38. Rf4 c4+ 39. Ke3 Rh6 40.
Rf5+ Ke6 41. Ke4 Rh4+ 42. f4 Rh1 43. Rxf6+ Kd7 44. Rf7+ Ke8 45. Rb7 Rc1 46. Kd5
Rc8 47. Ke6 Rxc2 48. Rh7 Re2+ 49. Be5 Rc6+ 50. Kd5 Rg6 51. f5 Rd2+ 52. Kxc4 Rg5
53. Rh8+ Kf7 54. Rh7+ Kg8 55. Rh8+ Kf7 56. Rh7+ Ke8 57. Ra7 Rxf5 58. Bc7 Kf7
59. Rxa6 Rc2+ 60. Kb4 Rxc7 61. Rb6 Re7 62. Rb8 Rf6 63. Rb7 Rfe6 64. Rxe7+ Rxe7
65. Kb5 Re5+ 66. Kb6 Re4 67. Ka7 Re3 68. a6 Rb3 69. Ka8 Ra3 {Time forfeit} 0-1

[Event "Rated Blitz game"]
[Site "?"]
[Date "2021.05.11"]
[Round "?"]
[White "Niemans"]
[Black "garnek123"]
[Result "0-1"]
[WhiteElo "2361"]
[BlackElo "2448"]
[PlyCount "146"]
[EventDate "2021.??.??"]
[EventType "blitz"]
[TimeControl "180"]

1. e4 e5 2. Nf3 Nc6 3. Nc3 Nf6 4. Nxe5 Nxe5 5. d4 Ng6 6. e5 Ng8 7. Bc4 d5 8.
Bxd5 c6 9. Be4 Nh4 10. Qd3 Ne7 11. Bg5 Nhg6 12. f4 Qd7 13. O-O-O h6 14. Bxe7
Nxe7 15. Rhf1 g6 16. d5 cxd5 17. Bxd5 Nxd5 18. Nxd5 Bg7 19. f5 gxf5 20. Qg3 Kf8
21. Nb6 axb6 22. Rxd7 Bxd7 23. Rd1 Be6 24. a3 Kg8 25. Rd6 Kh7 26. Qc3 Rac8 27.
Qd4 Rc6 28. c3 Rxd6 29. Qxd6 b5 30. Kd2 Rc8 31. Ke3 Rc4 32. g3 Re4+ 33. Kf2
Rxe5 34. Qc7 Rd5 35. Qxb7 Rd2+ 36. Ke3 Rxb2 37. a4 Bxc3 38. axb5 Bd2+ 39. Kd3
Be1 40. b6 Bf2 41. g4 Rxb6 42. Qf3 Rd6+ 43. Ke2 Bh4 44. gxf5 Bc4+ 45. Ke3 Bg5+
46. Kf2 Bh4+ 47. Kg1 Bd5 48. Qf4 Be7 49. f6 Bf8 50. Qf5+ Kh8 51. Qg4 Rxf6 52.
Qd4 Bg7 53. Qxd5 Rg6+ 54. Kh1 Re6 55. Qd8+ Kh7 56. Qd3+ Rg6 57. Qf5 Kg8 58. h4
Bf8 59. h5 Rg5 60. Qf6 Rxh5+ 61. Kg2 Rg5+ 62. Kh1 Rg6 63. Qf5 Bg7 64. Kh2 Rf6
65. Qc8+ Kh7 66. Qc2+ Rg6 67. Qc8 h5 68. Qc2 h4 69. Qd1 Bf6 70. Qh5+ Kg7 71.
Qf5 Bg5 72. Qf3 Be7 73. Qh5 Bd6+ {Time forfeit} 0-1

[Event "Rated Blitz game"]
[Site "?"]
[Date "2021.05.11"]
[Round "?"]
[White "forbiddencheapos"]
[Black "cantorypoeta"]
[Result "0-1"]
[WhiteElo "2420"]
[BlackElo "2361"]
[PlyCount "60"]
[EventDate "2021.??.??"]
[EventType "blitz"]
[TimeControl "300"]

1. e4 e5 2. Nf3 Nc6 3. Nc3 Nf6 4. Nxe5 Nxe5 5. d4 Ng6 6. e5 Ng8 7. Bc4 d6 8.
Qf3 Qd7 9. O-O c6 10. a4 dxe5 11. Re1 Qf5 12. Qe2 Be6 13. dxe5 O-O-O 14. Bd3
Qg4 15. f3 Bc5+ 16. Kh1 Qd4 17. Bg5 N8e7 18. a5 Nf4 19. Bxf4 Qxf4 20. Ra4 Rd4
21. g3 Qh6 22. Raa1 Nf5 23. Qg2 Rhd8 24. Ne4 Be7 25. Qf2 Kb8 26. a6 b6 27. f4
Bd5 28. Kg1 Bxe4 29. Bxe4 Bc5 30. Bxf5 Rd2 {Normal} 0-1

[Event "Rated Blitz game"]
[Site "?"]
[Date "2021.05.11"]
[Round "?"]
[White "GoughPhar"]
[Black "miguelho67"]
[Result "0-1"]
[WhiteElo "2416"]
[BlackElo "2494"]
[PlyCount "56"]
[EventDate "2021.??.??"]
[EventType "blitz"]
[TimeControl "180"]

1. e4 e5 2. Nf3 Nc6 3. Nc3 Nf6 4. Nxe5 Nxe5 5. d4 Ng6 6. e5 Be7 7. Bc4 d5 8.
exf6 Bxf6 9. Bxd5 O-O 10. O-O c6 11. Bb3 Bxd4 12. Qf3 Bf6 13. Rd1 Qa5 14. Bd2
Qb6 15. Ne4 Be5 16. Be3 Qc7 17. Bc5 Re8 18. Ng5 Nh8 19. Re1 h6 20. Rxe5 Rxe5
21. Bd6 Qxd6 22. Nxf7 Nxf7 23. Qxf7+ Kh7 24. Qg8+ Kg6 25. Bf7+ Kf6 26. f4 Re7
27. Bh5 Qc5+ 28. Kh1 Qxh5 {Normal} 0-1

[Event "Rated Blitz game"]
[Site "?"]
[Date "2021.05.11"]
[Round "?"]
[White "forbiddencheapos"]
[Black "ElCidCampeador"]
[Result "1-0"]
[WhiteElo "2422"]
[BlackElo "2329"]
[PlyCount "167"]
[EventDate "2021.??.??"]
[EventType "blitz"]
[TimeControl "300"]

1. e4 e5 2. Nf3 Nc6 3. Nc3 Nf6 4. Nxe5 Nxe5 5. d4 Ng6 6. e5 Ng8 7. Bc4 d6 8.
Qf3 Qd7 9. O-O c6 10. a4 d5 11. Nxd5 b5 12. axb5 cxd5 13. Bxd5 Nh4 14. Qe4 Qg4
15. Bc6+ Ke7 16. Qxg4 Bxg4 17. Bg5+ f6 18. Bxh4 Rd8 19. Rxa7+ Ke6 20. exf6 Nxf6
21. Re1+ Kf5 22. Re5+ Kg6 23. Rg5+ Kh6 24. Rxg4 Nxg4 25. Bxd8 Bd6 26. Bh4 Bxh2+
27. Kf1 g5 28. Bg3 Bxg3 29. fxg3 Rf8+ 30. Ke1 Ne3 31. Be4 g4 32. Rxh7+ Kg5 33.
Ke2 Nc4 34. b3 Nd6 35. Rg7+ Kh5 36. Bd3 Re8+ 37. Kd2 Rf8 38. Rd7 Nc8 39. Ke1
Re8+ 40. Kf1 Rf8+ 41. Kg1 Re8 42. Rc7 Nd6 43. b6 Rb8 44. Rc6 Rd8 45. c3 Kg5 46.
b4 Rd7 47. Rc7 Rd8 48. b7 Rb8 49. Ba6 Kf5 50. Rc8 Rxb7 51. Bxb7 Nxb7 52. c4 Ke4
53. d5 Kd4 54. Rc6 Nd8 55. Rc5 Nb7 56. d6 Nd8 57. d7 Ne6 58. d8=Q+ Nxd8 59.
Rd5+ Kxc4 60. Rxd8 Kxb4 61. Rd4+ Kc5 62. Rxg4 Kd5 63. Rf4 Ke5 64. Rf3 Ke4 65.
g4 Ke5 66. g5 Ke4 67. g6 Ke5 68. g7 Ke4 69. g8=Q Ke5 70. Qe8+ Kd4 71. Qe3+ Kc4
72. Rf4+ Kd5 73. Qe4+ Kd6 74. Rf6+ Kc5 75. Rf5+ Kd6 76. Qe5+ Kd7 77. Rf7+ Kc6
78. Rf6+ Kd7 79. Qe6+ Kc7 80. Rf7+ Kd8 81. Qe7+ Kc8 82. Qd7+ Kb8 83. Qc7+ Ka8
84. Qb7# {Normal} 1-0

[Event "Rated Blitz tournament CNEPdL7o"]
[Site "?"]
[Date "2021.05.11"]
[Round "?"]
[White "kpa74"]
[Black "Robin_Good_chess"]
[Result "0-1"]
[WhiteElo "2309"]
[BlackElo "2406"]
[PlyCount "82"]
[EventDate "2021.??.??"]
[EventType "blitz"]
[TimeControl "180"]

1. e4 e5 2. Nf3 Nc6 3. Nc3 Nf6 4. Nxe5 Nxe5 5. d4 Ng6 6. e5 Ng8 7. Bc4 c6 8.
Qf3 Qe7 9. O-O b5 10. Bb3 Nh4 11. Qh5 g6 12. Qe2 d5 13. Bxd5 cxd5 14. Nxd5 Qb7
15. Qe4 Nf5 16. c3 Rb8 17. f3 Be6 18. Nf4 Qxe4 19. fxe4 Nfe7 20. d5 Bd7 21. Be3
Bg7 22. Bxa7 Ra8 23. Bd4 f5 24. exf6 Bxf6 25. e5 Bg7 26. b3 Bf5 27. d6 Nc6 28.
Nd5 Rc8 29. Nc7+ Rxc7 30. dxc7 Kd7 31. e6+ Kxc7 32. Bxg7 Bxe6 33. Bxh8 Nge7 34.
Rf8 Nd5 35. Re1 Bf5 36. Be5+ Nxe5 37. Rxe5 Kd6 38. Ree8 Nxc3 39. Rd8+ Kc5 40.
Rd2 b4 41. h3 Ne4 {Time forfeit} 0-1

[Event "Rated Blitz game"]
[Site "?"]
[Date "2021.05.10"]
[Round "?"]
[White "Nezhmetdinov_Student"]
[Black "Golubovsky_Max"]
[Result "1-0"]
[WhiteElo "2349"]
[BlackElo "2432"]
[PlyCount "123"]
[EventDate "2021.??.??"]
[EventType "blitz"]
[TimeControl "180"]

1. e4 e5 2. Nf3 Nf6 3. Nc3 Nc6 4. Nxe5 Nxe5 5. d4 Ng6 6. e5 Ng8 7. f4 d6 8. Be3
Nh6 9. Bd3 Ng4 10. Bg1 dxe5 11. fxe5 Nf4 12. Be4 Bb4 13. Qf3 Bxc3+ 14. bxc3 Ng6
15. h3 Nh6 16. Be3 Qd7 17. O-O Nh4 18. Qh5 N4f5 19. Bf2 g6 20. Qg5 Qe7 21. Qd2
Ng8 22. g4 Ng7 23. Rab1 h5 24. Bxb7 Bxb7 25. Rxb7 hxg4 26. h4 Nf5 27. Qf4 Nxh4
28. Qxg4 Qg5 29. Qxg5 Nf3+ 30. Kg2 Nxg5 31. Rxc7 Ne7 32. Rb1 Ne6 33. Rcb7 Nf5
34. d5 Nd8 35. Rb8 Rxb8 36. Rxb8 Kd7 37. Bxa7 Kc7 38. d6+ Kd7 39. Bb6 Ng7 40.
c4 Nge6 41. c5 Rh5 42. Bxd8 Rg5+ 43. Bxg5 Nxg5 44. Rb7+ Kc6 45. Rc7+ Kd5 46. d7
Ne6 47. d8=Q+ Nxd8 48. Rd7+ Kc6 49. Rxd8 Kc7 50. a4 Kc6 51. a5 Kxc5 52. a6 Kb6
53. a7 Kxa7 54. Rd7+ Kb6 55. Rxf7 Kb5 56. e6 Kc4 57. e7 Kb4 58. e8=Q Kc5 59.
Rf6 Kc4 60. Qf7+ Kc3 61. Rxg6 Kb2 62. Rg5 {Time forfeit} 1-0

[Event "Rated Blitz game"]
[Site "?"]
[Date "2021.05.10"]
[Round "?"]
[White "GoughPhar"]
[Black "gmftorres1"]
[Result "1-0"]
[WhiteElo "2461"]
[BlackElo "2484"]
[PlyCount "95"]
[EventDate "2021.??.??"]
[EventType "blitz"]
[TimeControl "180"]

1. e4 e5 2. Nf3 Nc6 3. Nc3 Nf6 4. Nxe5 Nxe5 5. d4 Ng6 6. e5 Ng8 7. Bc4 d5 8.
Bxd5 c6 9. Bb3 Be6 10. Bxe6 fxe6 11. Qg4 Qd7 12. Ne4 O-O-O 13. c3 Be7 14. h4
Nh6 15. Bxh6 gxh6 16. h5 Nh4 17. Rxh4 Bxh4 18. Qxh4 Kb8 19. Nd6 Rdf8 20. a4
Rhg8 21. Qe4 Rg5 22. Ra3 Ka8 23. Rb3 Rb8 24. a5 Rxh5 25. a6 b6 26. Rb4 b5 27.
c4 Rh1+ 28. Kd2 bxc4 29. Rxc4 Rb6 30. Qf3 Rxb2+ 31. Kc3 Rb6 32. Rb4 Rxb4 33.
Kxb4 Rb1+ 34. Kc3 Rb8 35. g4 Qc7 36. Kc4 Qb6 37. Qa3 Qb1 38. Qa4 Qf1+ 39. Kc5
Rb6 40. Nc4 Qc1 41. Kd6 Qc3 42. Nxb6+ Kb8 43. Nd7+ Kc8 44. Qxc6+ Kd8 45. Qxc3
Ke8 46. Qc8+ Kf7 47. Qf8+ Kg6 48. Qf6# {Normal} 1-0

[Event "Rated Blitz game"]
[Site "?"]
[Date "2021.05.10"]
[Round "?"]
[White "soul0fpeace1"]
[Black "WHAFLC-Aca"]
[Result "1-0"]
[WhiteElo "2722"]
[BlackElo "2674"]
[PlyCount "109"]
[EventDate "2021.??.??"]
[EventType "blitz"]
[TimeControl "180"]

1. e4 e5 2. Nf3 Nc6 3. Nc3 Nf6 4. Nxe5 Nxe5 5. d4 Nc6 6. d5 Bb4 7. dxc6 bxc6 8.
Bd3 O-O 9. O-O d5 10. e5 Ng4 11. a3 Qh4 12. Bf4 Bc5 13. Bg3 Qg5 14. Na4 Bb6 15.
Nxb6 axb6 16. f4 Qe7 17. Qf3 f5 18. Rad1 Be6 19. c3 Qc5+ 20. Kh1 Qe3 21. h3
Qxf3 22. Rxf3 Nh6 23. Rff1 Nf7 24. Bh4 h6 25. g4 Nh8 26. g5 Ng6 27. Bg3 hxg5
28. fxg5 f4 29. Bxg6 fxg3 30. Kg2 Bf7 31. Bf5 Rae8 32. Rde1 Be6 33. Bxe6+ Rxe6
34. Rxf8+ Kxf8 35. h4 g6 36. Kxg3 Kg7 37. Kf4 Kf7 38. Rh1 Re8 39. h5 gxh5 40.
Rxh5 Rf8 41. Rh6 Ke7+ 42. Rf6 Rh8 43. Rxc6 Kd7 44. Rh6 Rf8+ 45. Kg4 Rf1 46.
Rh7+ Ke6 47. Kh5 Kxe5 48. g6 Rh1+ 49. Kg5 Rg1+ 50. Kh6 c5 51. g7 d4 52. cxd4+
cxd4 53. Rh8 Ke4 54. Re8+ Kd3 55. g8=Q {Time forfeit} 1-0